01446nab a22002897a 4500999001500000003000400015005001700019008004100036040000700077100004600084245022800130260007300358300001300431500003700444505017600481505008100657650002300738650002400761650002200785650002500807650003500832650003500867650002900902650005700931773015500988942001301143 c6498d6498OSt20260213114133.0190429b xxu||||| |||| 00| 0 spa d cPJ 97108aRojas Busellato, Diomedes Guillermo13aEl decreto de necesidad y urgencia N.º 188/2024 :bnuevo plan para la puesta en vigencia del Código Procesal Penal Federal. Importancia de su implementación y análisis crítico /cDiomedes Guillermo Rojas Busellato. cCiudad Autónoma de Buenos Aires :aThomson Reuters La Ley, b2024. ap. 11-26 aCita: TR LALEY AR/DOC/1091/2024. aSumario: I. Introducción.— II. Contextualización - el camino hacia la reforma legislativa.— III. Los ejes de la reforma.— IV. Conclusión.— V. Bibliografía. tSi te interesa el texto completo, solicitalo a koha@justierradelfuego.gov.ar 09343aDERECHO PENAL 092348aPROCESO PENAL 092676aJUICIO ORAL 092678aACCIÓN PENAL 093833aPRINCIPIO DE CONGRUENCIA 094885aDERECHOS DE LA VÍCTIMA 093927aCARGA DE LA PRUEBA 092355aGARANTÍA A SER JUZGADO EN UN PLAZO RAZONABLE0 0265893164tRevista de derecho penal y criminología. Nº 7 - Junio 2024dCiudad Autónoma de Buenos Aires : Thomson Reuters La Ley, 2017-x00347914 2udccANA